000 00673nam a2200193Ii 4500
003 JO-AjNU
008 230605s9999||||xx |||||||||||||| ||und||
040 _aJO-AjNU
_bara
_erda
_cJO-AjNU
041 _aara
050 1 4 _aHJ4621 2009
100 3 _aحماد، طارق عبدالعال,
_eauthor
_932635
245 0 0 _aمشكلات اعداد وفحص الاقرار الضريبي للضريبة على ارباح الاشخاص الاعتبارية
264 3 1 _aد.م: د.ن ، 2009
300 _a355ص
336 _atext
_btxt
_2rdacontent
337 _aunmediated
_bn
_2rdamedia
338 _avolume
_bnc
_2rdacarrier
650 4 _aالضرائب - مشكلات
_932636
999 _aA13198
_c16766
_d16766